Covenants affecting land (Record no. 108372)

MARC details
000 -LEADER
fixed length control field 02278cam a22002655a 4500
001 - CONTROL NUMBER
control field L144061
008 - FIXED-LENGTH DATA ELEMENTS--GENERAL INFORMATION
fixed length control field 080613s2008 xxkd f v 001 0 eng d
020 ## - INTERNATIONAL STANDARD BOOK NUMBER
International Standard Book Number 9781842194096
035 ## - SYSTEM CONTROL NUMBER
System control number (Sirsi) u144061
041 0# - LANGUAGE CODE
Language code of text/sound track or separate title eng
050 04 - LIBRARY OF CONGRESS CALL NUMBER
Classification number 346.410435 $2 18
100 1# - MAIN ENTRY--PERSONAL NAME
Personal name Olins, Andrew
245 00 - TITLE STATEMENT
Title Covenants affecting land
Remainder of title a practical guide
260 ## - PUBLICATION, DISTRIBUTION, ETC.
Place of publication, distribution, etc. Coventry
Name of publisher, distributor, etc. RICS
Date of publication, distribution, etc. 2008
300 ## - PHYSICAL DESCRIPTION
Extent xvi, 254p.
Other physical details ill.
Dimensions 224cm.
350 ## - PRICE (NR) (BK AM CF MU VM SE) [OBSOLETE]
Price 45
505 2# - FORMATTED CONTENTS NOTE
Formatted contents note List of Acts, Statutory Instruments and abbreviations -- Table of cases -- Introduction What is a covenant? -- What types of covenant are there? -- Who can claim the benefit of a covenant? -- Who is burdened? -- Who can claim the benefit of a negative covenant? -- Who is burdened by a negative covenant? -- What planning obligations can a local planning authority impose? -- What remedies are available for breach of a restrictive covenant? -- What is the procedure for progressing a claim in the High Court or County Court? -- What are the costs rules in the High Court and County Court? -- Can negative covenants be discharged or modified against the wishes of the covenantee? -- Can planning covenants and obligations be discharged or modified?-- What is the procedure for progressing a claim in the Lands Tribunal? -- What are the costs rules in the Lands Tribunal? -- Is there an alternative to litigation? -- Appendices
520 ## - SUMMARY, ETC.
Summary, etc. Explains the nature of covenants affecting land and the different types of covenant. Seeks to help the reader answer two key questions: are the covenants affecting a site enforceable? If so, is there a way of getting rid of them? Provides essential information for surveyors or lawyers acting for local residents who wish to oppose an application to the Lands Tribunal to discharge or modify negative covenants on a developer's site. Explains the relevant procedures and how much they will cost. Uses flow charts to explain key processes and case law to illustrate key points and help the reader understand how the theory works in practice. Includes cases summaries, specimen forms and summary of the relevant legislation.
521 ## - TARGET AUDIENCE NOTE
Target audience note Advanced
590 ## - LOCAL NOTE (RLIN)
Local note KA
651 #4 - SUBJECT ADDED ENTRY--GEOGRAPHIC NAME
Geographic name England and Wales
Chronological subdivision 1543-
690 ## - LOCAL SUBJECT ADDED ENTRY--TOPICAL TERM (OCLC, RLIN)
Topical term or geographic name as entry element Boundary disputes
9 (RLIN) 6221
942 ## - ADDED ENTRY ELEMENTS (KOHA)
Suppress in OPAC 0
Holdings
Withdrawn status Lost status Source of classification or shelving scheme Damaged status Not for loan Home library Current library Shelving location Date acquired Total Checkouts Full call number Barcode Date last seen Copy number Price effective from Koha item type Date last checked out
    Dewey Decimal Classification     London London RICS Boxes 19/06/2008   RICS 2008/32 30074846 06/08/2019 1 06/08/2019 Archive  
    Dewey Decimal Classification     London London RICS Boxes 19/06/2008   RICS 2008/32 30074847 06/08/2019 2 06/08/2019 Reference material  
    Dewey Decimal Classification     London London RICS Boxes 19/06/2008 5 RICS 2008/32 30074848 06/08/2019 3 06/08/2019 Book 27/01/2010